[Event "Montreal Varennes op"]
[Site "Montreal"]
[Date "2014.11.08"]
[Round "3"]
[White "Giroux, Robert"]
[Black "Turcotte, Jonathan"]
[Result "1/2-1/2"]
[WhiteElo "1960"]
[BlackElo "2142"]
[PlyCount "131"]
[EventDate "2014.11.07"]
[EventType "swiss"]
[EventRounds "5"]
[EventCountry "CAN"]
[SourceTitle "EXT 2022"]
[Source "ChessBase"]
[SourceDate "2021.10.06"]
[SourceVersion "1"]
[SourceVersionDate "2021.10.06"]
[SourceQuality "1"]

1. Nf3 d5 2. d4 Nf6 3. e3 Bf5 4. c4 e6 5. Nc3 c6 6. Qb3 Qb6 7. c5 Qc7 8. Bd2 Nbd7 9. Rc1 Be7 10. Nh4 Be4 11. Nxe4 Nxe4 12. Nf3 Nxd2 13. Nxd2 e5 14. Nf3 exd4 15. exd4 0-0 16. Bd3 Qa5+ 17. Kf1 Rab8 18. Bb1 Bf6 19. Qd3 g6 20. h4 Qa6 21. Kg1 Qxd3 22. Bxd3 Rfe8 23. Kh2 Nf8 24. Rhd1 Ne6 25. Bf1 h6 26. g3 g5 27. hxg5 hxg5 28. Bh3 Kg7 29. Kg2 Nc7 30. Rc2 Kg6 31. Kf1 Rh8 32. Bg2 Rbe8 33. Rcd2 Re7 34. Ne1 Rhe8 35. Nc2 Bg7 36. Re1 Ne6 37. b3 f5 38. Bf3 g4 39. Bd1 Ng5 40. Rxe7 Rxe7 41. Re2 Ne4 42. Re3 Bh6 43. Rd3 Bg5 44. Kg2 Bf6 45. Re3 Rg7 46. Rd3 Kf7 47. Ne3 Ke6 48. b4 Bd8 49. Kf1 Bc7 50. a4 a6 51. Kg2 Nf6 52. Nc2 f4 53. gxf4 Kf5 54. b5 axb5 55. axb5 Bxf4 56. b6 Rh7 57. Ne3+ Kg5 58. Nf1 Bc1 59. Rb3 Nh5 60. Rb1 Nf4+ 61. Kg1 Nh3+ 62. Kg2 Rf7 63. f3 Nf4+ 64. Kg1 Nh3+ 65. Kg2 Nf4+ 66. Kg1 1/2-1/2

[Event "Montreal Mercredi 08"]
[Site "Montreal"]
[Date "2012.09.19"]
[Round "4"]
[White "Nardone, Raul"]
[Black "Giroux, Robert"]
[Result "1-0"]
[WhiteElo "1838"]
[BlackElo "1870"]
[PlyCount "65"]
[EventDate "2012.08.29"]
[EventType "swiss"]
[EventRounds "5"]
[EventCountry "CAN"]
[SourceTitle "EXT 2022"]
[Source "ChessBase"]
[SourceDate "2021.10.06"]
[SourceVersion "1"]
[SourceVersionDate "2021.10.06"]
[SourceQuality "1"]

1. d4 d6 2. e4 Nf6 3. Nc3 c6 4. a4 Qa5 5. Bd2 e5 6. Nd5 Qd8 7. Nxf6+ Qxf6 8. Be3 a5 9. Bc4 Be6 10. Bxe6 Qxe6 11. Nf3 Be7 12. 0-0 0-0 13. Re1 Nd7 14. Qd2 Rfd8 15. Rad1 Qg6 16. Bg5 Bxg5 17. Qxg5 Qxg5 18. Nxg5 h6 19. Nf3 Kf8 20. Re3 Ke7 21. h3 g6 22. Kf1 Nf8 23. Rb3 exd4 24. Rxb7+ Nd7 25. Nxd4 Rdc8 26. e5 d5 27. e6 fxe6 28. Re1 e5 29. Rxe5+ Kd8 30. Ne6+ Ke7 31. Ng7+ Kf6 32. Re6+ Kxg7 33. Rxd7+ 1-0

[Event "Sainte Adele Superfest U2000"]
[Site "Sainte Adele"]
[Date "2012.08.15"]
[Round "1"]
[White "Girard, Sylvain"]
[Black "Giroux, Robert"]
[Result "0-1"]
[WhiteElo "1659"]
[BlackElo "1870"]
[PlyCount "92"]
[EventDate "2012.08.15"]
[EventType "swiss"]
[EventRounds "5"]
[EventCountry "CAN"]
[SourceTitle "EXT 2022"]
[Source "ChessBase"]
[SourceDate "2021.10.06"]
[SourceVersion "1"]
[SourceVersionDate "2021.10.06"]
[SourceQuality "1"]

1. Nf3 d6 2. e4 Nf6 3. Nc3 c5 4. d4 cxd4 5. Qxd4 Nc6 6. Bb5 Bd7 7. Bxc6 bxc6 8. 0-0 e5 9. Qd3 Rb8 10. h3 Be7 11. b3 h6 12. Ba3 c5 13. Nd2 0-0 14. Nc4 Be6 15. Ne3 Qa5 16. Bb2 Qb4 17. Ncd5 Nxd5 18. Nxd5 Bxd5 19. Qxd5 Qb7 20. Qc4 Qc6 21. a3 Qb5 22. Qc3 f5 23. f4 Bf6 24. Qd2 exf4 25. Bxf6 Rxf6 26. Qd5+ Kh8 27. exf5 Qe2 28. Rf2 Qe3 29. Rd1 Re8 30. Rd3 Qc1+ 31. Rd1 Re1+ 32. Rxe1 Qxe1+ 33. Rf1 Qe3+ 34. Kh1 Qe5 35. Qa8+ Kh7 36. Qxa7 Qxf5 37. Rc1 Qe4 38. Qa6 f3 39. Qf1 f2 40. a4 Qe3 41. Rd1 Re6 42. Kh2 Rf6 43. g3 Qf3 44. Rd3 Qe4 45. Rd2 Qe1 46. Qd3+ g6 0-1

[Event "Montreal McGill op U2000"]
[Site "Montreal"]
[Date "2012.05.13"]
[Round "5"]
[White "Sprumont, Oscar"]
[Black "Giroux, Robert"]
[Result "1/2-1/2"]
[WhiteElo "1844"]
[BlackElo "1879"]
[PlyCount "81"]
[EventDate "2012.05.11"]
[EventType "swiss"]
[EventRounds "5"]
[EventCountry "CAN"]
[SourceTitle "EXT 2022"]
[Source "ChessBase"]
[SourceDate "2021.10.06"]
[SourceVersion "1"]
[SourceVersionDate "2021.10.06"]
[SourceQuality "1"]

1. e4 g6 2. Nc3 Bg7 3. g3 c5 4. d3 d6 5. Bg2 Nc6 6. f4 Nh6 7. Nf3 f5 8. 0-0 0-0 9. h3 Rb8 10. Be3 Nd4 11. Rb1 b5 12. Ne2 Nxf3+ 13. Bxf3 fxe4 14. dxe4 Bxh3 15. Rf2 Ng4 16. Qd5+ Kh8 17. Bxg4 Bxg4 18. f5 Bxe2 19. Rxe2 gxf5 20. exf5 Qc8 21. Rf2 Qb7 22. Qxb7 Rxb7 23. c3 Be5 24. g4 e6 25. Rbf1 exf5 26. Rxf5 Rxf5 27. Rxf5 Kg8 28. Bxc5 Rg7 29. g5 h6 30. Be3 hxg5 31. Rxg5 Rxg5+ 32. Bxg5 Kf7 33. Kf2 Ke6 34. Ke3 a5 35. Bd8 a4 36. Kd3 d5 37. b3 axb3 38. axb3 Kd6 39. c4 dxc4+ 40. bxc4 bxc4+ 41. Kxc4 1/2-1/2

[Event "Montreal Mercredi 04"]
[Site "Montreal"]
[Date "2012.04.25"]
[Round "4"]
[White "Giroux, Robert"]
[Black "Boudreau, Daniel"]
[Result "0-1"]
[WhiteElo "1903"]
[BlackElo "1905"]
[PlyCount "52"]
[EventDate "2012.04.13"]
[EventType "swiss"]
[EventRounds "5"]
[EventCountry "CAN"]
[SourceTitle "EXT 2022"]
[Source "ChessBase"]
[SourceDate "2021.10.06"]
[SourceVersion "1"]
[SourceVersionDate "2021.10.06"]
[SourceQuality "1"]

1. d4 Nf6 2. Nc3 d5 3. Bg5 Ne4 4. Nxe4 dxe4 5. e3 c5 6. c3 Qa5 7. Bf4 Nd7 8. dxc5 Qxc5 9. Qa4 g5 10. Bg3 Bg7 11. Ne2 0-0 12. 0-0-0 Nb6 13. Qb4 Qxb4 14. cxb4 Bg4 15. b3 a5 16. bxa5 Rxa5 17. Rd2 Rc8+ 18. Kb1 Rac5 19. h3 Be6 20. f3 Bf5 21. f4 Nd5 22. fxg5 Nxe3 23. Bf2 Nxf1 24. Rd8+ Rxd8 25. Bxc5 Rd1+ 26. Kc2 Rd2+ 0-1

[Event "Quebec-ch Class"]
[Site "Montreal"]
[Date "2011.01.22"]
[Round "3"]
[White "Gauthier, Denis"]
[Black "Giroux, Robert"]
[Result "1-0"]
[WhiteElo "2003"]
[BlackElo "2025"]
[PlyCount "85"]
[EventDate "2011.01.21"]
[EventType "swiss"]
[EventRounds "5"]
[EventCountry "CAN"]
[SourceTitle "EXT 2013"]
[Source "ChessBase"]
[SourceDate "2012.11.22"]
[SourceVersion "1"]
[SourceVersionDate "2012.11.22"]
[SourceQuality "1"]

1. d4 g6 2. c4 Bg7 3. Nc3 c5 4. d5 Bxc3+ 5. bxc3 f5 6. e4 fxe4 7. f3 d6 8. fxe4 Qa5 9. Qc2 Nf6 10. Bd3 Nbd7 11. Nf3 Ne5 12. 0-0 Nxf3+ 13. gxf3 Bh3 14. Rf2 0-0-0 15. Rb1 Bd7 16. Qb3 b6 17. Qc2 Ba4 18. Qb2 Bd7 19. Qd2 Ba4 20. Bc2 Bxc2 21. Qxc2 Qa6 22. Qb3 Nd7 23. Bf4 Ne5 24. Bxe5 dxe5 25. a4 Qa5 26. Qa3 Kc7 27. Rb5 Qa6 28. a5 Ra8 29. Rfb2 Rhf8 30. Kg2 Rf6 31. Ra2 Kd8 32. Qb3 Qc8 33. axb6 Rxf3 34. Kxf3 Qh3+ 35. Ke2 Qxh2+ 36. Kd3 Qg3+ 37. Kc2 Qf2+ 38. Kb1 Qf1+ 39. Kb2 Qe2+ 40. Ka1 Qe1+ 41. Kb2 Qe2+ 42. Qc2 Qxc4 43. Qa4 1-0

[Event "Montreal Mercredi 11"]
[Site "Montreal"]
[Date "2010.12.08"]
[Round "4"]
[White "Giroux, Robert"]
[Black "Dydak, Mateusz"]
[Result "0-1"]
[WhiteElo "1983"]
[BlackElo "1902"]
[PlyCount "94"]
[EventDate "2010.11.17"]
[EventType "swiss"]
[EventRounds "5"]
[EventCountry "CAN"]
[SourceTitle "EXT 2013"]
[Source "ChessBase"]
[SourceDate "2012.11.22"]
[SourceVersion "1"]
[SourceVersionDate "2012.11.22"]
[SourceQuality "1"]

1. d4 f5 2. Bg5 d5 3. Nc3 Qd6 4. e3 c6 5. Bf4 Qb4 6. a3 Qb6 7. Nf3 Nf6 8. Ne5 e6 9. Be2 Be7 10. 0-0 0-0 11. Na4 Qd8 12. Nc5 Ne4 13. Nxe4 fxe4 14. f3 exf3 15. Bxf3 Nd7 16. Nxd7 Bxd7 17. Be5 Bf6 18. Bd6 Be7 19. Bxe7 Qxe7 20. e4 Qh4 21. Qe2 Rae8 22. g3 Qg5 23. e5 Re7 24. Rad1 Be8 25. Qd2 Qxd2 26. Rxd2 Bg6 27. Rdf2 Rc8 28. Bg4 h5 29. Bd1 c5 30. dxc5 Rxc5 31. Rf8+ Kh7 32. c3 a5 33. Rd8 Rf7 34. Rxf7 Bxf7 35. Bc2+ Bg6 36. Bxg6+ Kxg6 37. Rf8 Rb5 38. Rf2 Rc5 39. Kf1 Rc7 40. Ke2 Rc4 41. Rf3 Re4+ 42. Re3 Kf5 43. b4 Rxe3+ 44. Kxe3 Kxe5 45. h4 Kf5 46. Kf3 e5 47. Ke2 Kg4 0-1

[Event "Montmagny op"]
[Site "Montmagny"]
[Date "2010.11.07"]
[Round "4"]
[White "Giroux, Robert"]
[Black "Auger, Bertrand"]
[Result "1/2-1/2"]
[WhiteElo "2014"]
[BlackElo "1996"]
[PlyCount "130"]
[EventDate "2010.11.05"]
[EventType "swiss"]
[EventRounds "5"]
[EventCountry "CAN"]
[SourceTitle "EXT 2022"]
[Source "ChessBase"]
[SourceDate "2021.10.06"]
[SourceVersion "1"]
[SourceVersionDate "2021.10.06"]
[SourceQuality "1"]

1. d4 e6 2. c4 Nf6 3. g3 d5 4. Nf3 Be7 5. Bg2 0-0 6. 0-0 dxc4 7. Qc2 c5 8. dxc5 Bxc5 9. Qxc4 Qe7 10. Bg5 Nc6 11. Bxf6 gxf6 12. Nc3 Bd7 13. Qh4 f5 14. Qxe7 Bxe7 15. e4 fxe4 16. Nxe4 f5 17. Nc3 Bf6 18. Rfd1 Rad8 19. Rac1 Bc8 20. Bf1 a6 21. Rxd8 Rxd8 22. Rd1 Nd4 23. Nxd4 Bxd4 24. Bc4 b5 25. Bb3 Bb6 26. Ne2 Rxd1+ 27. Bxd1 a5 28. Kf1 e5 29. Bb3+ Kg7 30. Bd5 Bd7 31. b3 b4 32. Bc4 Bc6 33. Nc1 e4 34. Ke2 Kf6 35. Ke1 Ke5 36. Kf1 f4 37. gxf4+ Kxf4 38. Ne2+ Kg5 39. Bg8 h5 40. Be6 h4 41. h3 Kf6 42. Bc4 Ke5 43. Ng1 Bd7 44. Ke1 Bf5 45. Ke2 Bg6 46. Kf1 Bh5 47. Ne2 Bf3 48. Bb5 e3 49. fxe3 Bxe3 50. Bd3 Bd5 51. Bc2 Be4 52. Bxe4 Kxe4 53. Ke1 Kd3 54. Kd1 Bg5 55. Ng1 Ke3 56. Ke1 Bf6 57. Ne2 Kf3 58. Kf1 Ke3 59. Ke1 Be5 60. Kf1 Bc3 61. a3 Kd3 62. axb4 axb4 63. Nc1+ Kc2 64. Na2 Kxb3 65. Nxb4 Kxb4 1/2-1/2